000 00487nam a22001817a 4500
999 _c10061
_d10061
003 GBCCL
005 20241126110724.0
008 240219b ||||| |||| 00| 0 eng d
040 _cGBC
082 _aVER 225.9
_bPAO
100 _aPhungzapao, N.
_97264
245 _aThukhun thak hunlai leh laibute /
_cN. Phungzapao
250 _arevised and edited
260 _aNew Lamka:
_bAuthor,
_c2012
300 _a143p. ;
650 _aBible
_vNew Testament
_xstudy
_910016
942 _2ddc
_cBK